Academic degree structures: innovative approaches; principles of reform in degree structures in the United States,

Guardat en:
Dades bibliogràfiques
Autor principal: Spurr, Stephen Hopkins
Autor corporatiu: Carnegie Commission on Higher Education
Format: Llibre
Idioma:English
Publicat: New York, McGraw-Hill [1970]
Matèries:
LEADER 01184nam a2200289 a 4500
001 c000317743
003 CARM
005 20001004213051.0
008 700423s1970 nyu b 001 0 eng
010 |a 71114293 
019 1 |a 554278  |z 23882177  |z 12469828  |z 54048661  |z 57417765  |5 LACONCORD2021 
035 |a (OCoLC)64942  |5 LACONCORD2021 
040 |a LC  |b eng  |c LC 
050 4 |a LB2381  |b .S63 
050 0 0 |a LB2381  |b .S63 
082 0 4 |a 378/.2/0973 
100 1 |a Spurr, Stephen Hopkins. 
245 1 0 |a Academic degree structures: innovative approaches;  |b principles of reform in degree structures in the United States,  |c by Stephen H. Spurr. 
260 |a New York,  |b McGraw-Hill  |c [1970] 
300 |a xi, 213 p.  |c 23 cm. 
500 |a "A general report prepared for the Carnegie Commission on Higher Education." 
504 |a Bibliography: p. 191-201. 
650 0 |a Degrees, Academic  |z United States. 
710 2 |a Carnegie Commission on Higher Education. 
852 8 |b CARM  |h A1:AP30F0  |i C09376  |p 0353225  |f BK 
999 f f |i 4546190b-1a02-58d3-ab67-69926fdfbbec  |s 77e99e3b-5b6a-53b7-9080-3ceb19c981d4 
952 f f |p Can circulate  |a CAVAL  |b CAVAL  |c CAVAL  |d CARM 1 Store  |e C09376  |f A1:AP30F0  |h Other scheme  |i book  |m 0353225